00738cam a22002051 4500001001300000003000400013005001700017008004100034010001700075035002000092040001800112042001200130050002300142100002600165245021700191260005200408300002500460500003000485999001700515sa 65000373 DLC20260227112102.0890913s1964 io 000 0 ind  asa 65000373  a(OCoLC)23536954 aDLCcMiUdDLC apremarc00aDS644.2.1964b.S820 aSoekarno,d1901-1970.10aDjadikan Indonesia Poros The New Emerging Forces!bAmanat pada resepsi penutupan Kongres Persatuan Wanita Kristen Indonesia pada tanggal 28 Februari 1964,cdi Istana Olahraga Gelora Bung Karno, Senajan, Djakarta. a[Djakarta]bDepartemen Peneranganc[cover 1964] a14 p.bport.c21 cm. a"Penerbitan chusus, 304." c61527d61527